Somme de logique. Première partie.

Saved in:
Bibliografiske detaljer
Hovedforfatter: Ockham, Guillaume d' (autor)
Format: Bog
Udgivet: Mauvezin, France: Trans-Europ-Repress, 1993.
Udgivelse:2e Edition revue et corrigée.
Fag:
Tags: Tilføj Tag
Ingen Tags, Vær først til at tagge denne postø!

MARC

LEADER 00000nam a22000007a 4500
003 CL-VaPUC
005 20220822114619.0
008 220713t1993 ||||| |||| 00| 0 eng d
999 |c 437000  |d 436998 
040 |c Pontificia Universidad Católica de Valparaíso 
082 7 |a 160 OCK 1993.  |2 22 
100 1 |a Ockham, Guillaume d'  |e autor  |9 872825 
245 |a Somme de logique.  |b Première partie.  
250 |a 2e Edition revue et corrigée.  
260 |a Mauvezin, France:  |b Trans-Europ-Repress,   |c 1993. 
300 |a 245 páginas.  
500 |a c.1 Donación Familia Prof. Alejandro Guzmán Brito. 
583 |c 20220713  |k Cristina María Rojas Aguilar 
650 |a Lógica  |9 256849 
942 |2 ddc  |c BK  |n 0 
952 |0 0  |1 0  |2 ddc  |4 0  |6 160_000000000000000_OCK_1993  |7 0  |8 C_AGB  |9 584736  |a BIBDER  |b BIBDER  |d 2022-07-13  |e Donación   |i 5652781  |l 3  |o 160 OCK 1993.  |p 5652781  |r 2024-01-17  |s 2024-01-17  |t 1  |w 2022-07-13  |y BK_US  |k AGB